A TEXTBOOK OF INTEGRATED PEST MANAGEMENT (Record no. 8457)

MARC details
000 -LEADER
fixed length control field 00437nam a22001697a 4500
005 - DATE AND TIME OF LATEST TRANSACTION
control field 20231106140158.0
008 - FIXED-LENGTH DATA ELEMENTS--GENERAL INFORMATION
fixed length control field 231106b |||||||| |||| 00| 0 eng d
020 ## - INTERNATIONAL STANDARD BOOK NUMBER
ISBN 978-93-272-2797-0
041 ## - LANGUAGE CODE
Language code of text/sound track or separate title eng
082 ## - DEWEY DECIMAL CLASSIFICATION NUMBER
Classification number 632.9
100 ## - MAIN ENTRY--AUTHOR NAME
Personal name DHALIWAL, G.S AND OTHERS
245 ## - TITLE STATEMENT
Title A TEXTBOOK OF INTEGRATED PEST MANAGEMENT
260 ## - PUBLICATION, DISTRIBUTION, ETC. (IMPRINT)
Place of publication LUDHIYANA
Name of publisher KALYANI PUBLISHERS
Year of publication 2013
300 ## - PHYSICAL DESCRIPTION
Number of Pages 617;p
650 ## - SUBJECT ADDED ENTRY--TOPICAL TERM
Topical Term AGRICULTURE
942 ## - ADDED ENTRY ELEMENTS (KOHA)
Koha item type Books
Holdings
Lost status Damaged status Collection code Home library Current library Shelving location Date acquired Source of acquisition Cost, normal purchase price Full call number Accession Number Koha item type
    AGRICULTURE JRU Library JRU Library SHELF-2-B 06/11/2023 PURCHASE [LBI000221/29/10/2023 525.00 632.9 28099 Books
    AGRICULTURE JRU Library JRU Library SHELF-15-A 06/11/2023 PURCHASE [LBI000221/29/10/2023 525.00 632.9 28100 Books